Logo BPK

Biblioteka

Politechniki Koszalińskiej

Turbo Pascal : (Rekord nr 23883)

Szczegóły MARC
000 -ETYKIETA REKORDU
podpole kontrolne o stałej długości 00499nam a2200193 i 4500
001 - NUMER KONTROLNY REKORDU
pole kontrolne bg
020 ## - MIĘDZYNARODOWY ZNORMALIZOWANY NUMER KSIĄŻKI - ISBN
ISBN 0078812860
040 ## - ŹRÓDŁO KATALOGOWANIA
Instytucja, która utworzyła rekord BPK
041 ## - KOD JĘZYKA
Kod języka tekstu pol
080 ## - UNIWERSALNA KLASYFIKACJA DZIESIĘTNA - UKD
UKD 004.438
920 ## - Międzynarodowy znormalizowany numer książki – ISBN
ISBN 0-07-881286-0
008 - POLE O STAŁEJ DŁUGOŚCI - DANE KONTROLNE
podpole kontrolne o stałej długości s pl f |000 0 pol
100 1# - NAZWA OSOBOWA
Nazwa osobowa JAMSA, Kris
245 #0 - TYTUŁ/ODPOWIEDZIALNOŚĆ
Tytuł Turbo Pascal :
Ciąg dalszy tytułu programmer's library /
Pozostałe elementy strefy tytułu i oznaczenia odpowiedzialności Kris Jamsa, Steven Nameroff.
260 ## - STREFA ADRESU WYDAWNICZEGO
Miejsce wydania Berkeley :
Nazwa wydawcy/dystrybutora Borland-Osborne :
-- McGraw-Hill,
Data publikacji, dystrybucji/powstania dokumentu 1987.
650 #9 - HASŁO PRZEDMIOTOWE W FORMIE NAZWY OGÓLNEJ LUB JEDNOSTKOWEJ
Nazwa ogólna lub geograficzna Pascal
700 1# - HASŁO DODATKOWE - NAZWA OSOBOWA
Nazwa osobowa NAMEROFF, Steven
942 ## - DODATKOWE ELEMENTY (KOHA)
Typ dokumentu Książka
Egzemplarze
Wycofany Status egzemplarza Uszkodzony Dostępność Lokalizacja stała Lokalizacja bieżąca Miejsce przechowywania Sygnatura Kod kreskowy Typ dokumentu
      Dostępny Biblioteka Politechniki Koszalińskiej Biblioteka Politechniki Koszalińskiej Wypożyczalnia BG 34127 01160390 Książka
© 2023 Biblioteka Politechniki Koszalińskiej :: KOHA